00678nam a2200145Ia 4500008004100000020001400041040004400055100002000099245007200119260003900191300002300230500004000253600022600293999001300519180412s9999||||xx |||||||||||||| ||und|| a721656404 aAhmadu Bello University Library - Zaria aLAUFMAN, Harold 0aHematologic problems in surgerycHarold Laufman, Robert B. Erichson bW.B. Saunders ;Philadelphia.c1970 axviii, 249p.; ill. aIncludes bibliographical references aPathology and Haematology. Haematology. See also OW, UHW Haematopoietic system. The Blood, its composition,Examination and pathology. Blood transfusion. See IOT, ROT.Surgery. Alternative in RP. [Divide by Tables 7 and 7a] c983d983